000 00481nam a2200205Ia 4500
003 OSt
005 20221005125905.0
006 a|||||r|||| 00| 0
007 ta
008 221004b |||||||| |||| 00| 0 eng d
024 _a113040
037 _cTextual
040 _aCRL
_cCRL
_beng
041 _2eng
_aeng
100 _aPuri
_9631321
245 0 _aPrincipal of inorganic Chemistry
700 _a Sharma
942 _cTEXL
_2cc
999 _c1055419
_d1055419